00653nam a2200241Ia 450000500170000000800460001702000180006303700100008104000080009104000080009904000080010704100080011504100080012308400080013110000300013924500350016926000230020426000090022785600530023694200100028999900210029995200910032020260121161318.0008 260114s9999 xx 000 0 eng d a9781003380610 aEBOOK aCRL beng cCRL 2eng aeng qCRL aTerence C.M. Tse91042830 0aCorporate Finance : The Basics bTaylor and Francis c2024 uhttp://www.taylorfrancis.com/books/9781003380610 cEBOOK c1609646d1609646 00104070aCRLbCRLd2026-01-21l0pCL1917658r2026-01-21 16:13:18w2026-01-21yEBOOK